00724nam a2200193 i 4500001000400000100002100004245006900025260005900094300003600153490005800189505002000247650003500267830005800302020001500360040000800375041000800383008004100391856009800432bgj1 aSCOTT, George M.10aPrinciples of Management Information Systems /cGeorge M. Scott. aNew York [etc.] :bMcGraw-Hill Book Company,cc. 1986. aXVIII, 618 pp :bill. ;c24 cm.1 aMcGraw-Hill Seriess in Management Information Systems aIncludes index. 9aManagement information systems aMcGraw-Hill Seriess in Management Information Systems a0070561036 cBPK0 aeng s uk f |000 0 eng  uhttp://koha.tu.koszalin.pl/cgi-bin/koha/opac-detail.pl?biblionumber=47615yKatalog online BPK